[Event "31è Open International d'Avoine 2016"]
[Site "Avoine"]
[Date "2016.07.23"]
[Round "1.30"]
[White "Vekemans, Denis"]
[Black "Bonnaud, Remy"]
[Result "0-1"]
[WhiteElo "1981"]
[BlackElo "2237"]
[PlyCount "94"]
[EventDate "2016.??.??"]

1. e4 d5 2. exd5 Qxd5 3. Nc3 Qa5 4. b4 Qxb4 5. Rb1 Qd6 6. Nf3 Nf6 7. d4 a6 8.
g3 e6 9. Bg2 Nc6 10. O-O Be7 11. Bf4 Qd8 12. Qd3 O-O 13. Rfd1 Nb4 14. Qe2 Nbd5
15. Nxd5 exd5 16. Ne5 c6 17. Rd3 Re8 18. Re3 Bd6 19. c4 dxc4 20. Bg5 Bf5 21.
Rxb7 Qc8 22. Rb6 Bxe5 23. Rxc6 Bc7 24. Qxc4 Rxe3 25. fxe3 Ra7 26. Bf4 Ne8 27.
Bd5 Qd7 28. e4 Bxf4 29. gxf4 Bh3 30. f5 Qe7 31. Qc1 Qh4 32. Rc3 Rc7 33. Rxc7
Nxc7 34. Bxf7+ Kh8 35. Qe3 Qg4+ 36. Qg3 Qd1+ 37. Kf2 Qxd4+ 38. Kf3 Qd3+ 39. Kf4
Qd2+ 40. Kf3 Qc3+ 41. Kf4 Qd2+ 42. Kf3 Bf1 43. Qf2 Qd3+ 44. Kf4 Nb5 45. Qc5
Qd2+ 46. Ke5 Qb2+ 47. Ke6 Qf6+ 0-1

[Event "31è Open International d'Avoine 2016"]
[Site "Avoine"]
[Date "2016.07.23"]
[Round "1.31"]
[White "Boehm, Martin"]
[Black "Gao, Etienne"]
[Result "1-0"]
[WhiteElo "2234"]
[BlackElo "1979"]
[PlyCount "55"]
[EventDate "2016.??.??"]

1. Nf3 Nf6 2. g3 g6 3. Bg2 Bg7 4. c4 O-O 5. O-O d5 6. cxd5 Nxd5 7. Nc3 Nc6 8.
h3 Nb6 9. d3 e5 10. Be3 Nd4 11. Kh2 f5 12. Bxd4 exd4 13. Na4 Qe7 14. Rc1 Nxa4
15. Qxa4 Qd6 16. Qc4+ Be6 17. Qxc7 Qb4 18. b3 Bh6 19. Qc5 a5 20. Rc2 Rfd8 21.
Qe5 Bf7 22. Rc7 Bg7 23. Qf4 a4 24. Ng5 Bd5 25. Bxd5+ Rxd5 26. Ne6 Bf8 27. Qh4
h6 28. Qf6 1-0

[Event "31è Open International d'Avoine 2016"]
[Site "Avoine"]
[Date "2016.07.23"]
[Round "1.32"]
[White "Dreux, Vincent"]
[Black "Ravot, Sylvain"]
[Result "0-1"]
[WhiteElo "1977"]
[BlackElo "2231"]
[PlyCount "62"]
[EventDate "2016.??.??"]

1. c4 e5 2. Nc3 Nf6 3. g3 d5 4. cxd5 Nxd5 5. Bg2 Nb6 6. Nf3 Nc6 7. O-O Be7 8.
b3 O-O 9. Bb2 Be6 10. Rc1 f6 11. Ne4 Nd4 12. Nxd4 exd4 13. Nc5 Bxc5 14. Rxc5 c6
15. d3 Qd7 16. h4 Rfd8 17. Qd2 Qe7 18. Rfc1 Nd7 19. R5c2 Ne5 20. Be4 Qf7 21.
Qf4 Kh8 22. Rc5 a5 23. Qd2 Qc7 24. b4 Bxa2 25. bxa5 Be6 26. Qb4 Qd6 27. Qb6 Nd7
28. Rxc6 bxc6 29. Rxc6 Nxb6 30. Rxd6 Rxd6 31. axb6 Rb8 0-1

[Event "31è Open International d'Avoine 2016"]
[Site "Avoine"]
[Date "2016.07.23"]
[Round "1.33"]
[White "Mirimanian, Hayk"]
[Black "Sanglan, Philippe"]
[Result "1-0"]
[WhiteElo "2221"]
[BlackElo "1972"]
[PlyCount "24"]
[EventDate "2016.??.??"]

1. e4 Nf6 2. e5 Nd5 3. c4 Nb6 4. d4 d6 5. exd6 cxd6 6. Nc3 g6 7. a4 a5 8. c5
dxc5 9. Bb5+ N6d7 10. Bf4 Bg7 11. Nd5 O-O 12. Bc7 Qe8 1-0

[Event "31è Open International d'Avoine 2016"]
[Site "Avoine"]
[Date "2016.07.23"]
[Round "1.34"]
[White "Afraoui, Solenn"]
[Black "Travadon, Loic"]
[Result "1-0"]
[WhiteElo "1970"]
[BlackElo "2218"]
[PlyCount "83"]
[EventDate "2016.??.??"]

1. e4 c5 2. Nf3 d6 3. d4 cxd4 4. Qxd4 a6 5. h3 Nf6 6. c4 Nc6 7. Qe3 e6 8. Nc3
Be7 9. Be2 O-O 10. O-O Qc7 11. b3 b6 12. Bb2 Re8 13. Rac1 Bd7 14. Rfd1 Rac8 15.
Rd2 Ne5 16. Nd4 Kh8 17. Rcd1 g5 18. Nf3 Nxf3+ 19. Bxf3 e5 20. Ba3 Be6 21. Bxd6
Bxd6 22. Rxd6 Nd5 23. exd5 Qxd6 24. dxe6 Qxe6 25. Qxg5 f5 26. Bd5 Qg6 27. Qxg6
hxg6 28. Bf7 Rf8 29. Bxg6 b5 30. Rd7 Rc6 31. Bf7 bxc4 32. Bxc4 e4 33. Nd5 a5
34. Nf4 a4 35. h4 axb3 36. axb3 e3 37. fxe3 Rh6 38. h5 Rff6 39. Ng6+ Rhxg6 40.
hxg6 Rxg6 41. Kf2 f4 42. Rd8+ 1-0

[Event "31è Open International d'Avoine 2016"]
[Site "Avoine"]
[Date "2016.07.23"]
[Round "1.35"]
[White "Lukasiewicz, Grzegorz"]
[Black "Hadet, Emmanuel"]
[Result "1-0"]
[WhiteElo "2211"]
[BlackElo "1970"]
[PlyCount "43"]
[EventDate "2016.??.??"]

1. d4 Nf6 2. Nf3 e6 3. e3 b6 4. Nbd2 Bb7 5. Bd3 c5 6. O-O Be7 7. b3 Nc6 8. Bb2
O-O 9. a3 Rc8 10. Rc1 d5 11. c4 Rc7 12. Qe2 Qa8 13. dxc5 Bxc5 14. Ng5 h6 15.
Bxf6 gxf6 16. Ngf3 Ne5 17. Nxe5 fxe5 18. Qg4+ Kh8 19. Qh5 f5 20. Qxh6+ Kg8 21.
Qxe6+ Rcf7 22. Qxe5 1-0

[Event "31è Open International d'Avoine 2016"]
[Site "Avoine"]
[Date "2016.07.23"]
[Round "1.36"]
[White "Le Franc, Yves"]
[Black "Meunier-Pion, Jean"]
[Result "1-0"]
[WhiteElo "1970"]
[BlackElo "2211"]
[PlyCount "129"]
[EventDate "2016.??.??"]

1. e4 c5 2. Nc3 a6 3. g3 b5 4. Bg2 Bb7 5. d3 e6 6. f4 Nf6 7. Nf3 d5 8. e5 Nfd7
9. O-O Nc6 10. Kh1 g6 11. Ne2 h5 12. d4 Rc8 13. Be3 Nb6 14. Bg1 c4 15. Be3 b4
16. Neg1 a5 17. Ng5 Ne7 18. N1f3 Nf5 19. Bf2 Ba6 20. Re1 Na8 21. Kg1 Nc7 22. h3
Nh6 23. Nh2 Be7 24. Ngf3 Nb5 25. g4 Kd7 26. Be3 a4 27. Qc1 a3 28. bxa3 b3 29.
axb3 cxb3 30. Qb2 hxg4 31. hxg4 Rxc2 32. Qxb3 Rc3 33. Qa4 Qb6 34. Bf1 Rb8 35.
f5 Ng8 36. f6 Bd8 37. Bd2 Rc6 38. Reb1 Nxf6 39. exf6 Bxf6 40. Be3 e5 41. Bf2 e4
42. g5 Bg7 43. Ne1 Rc3 44. Ng2 e3 45. Nxe3 Bxd4 46. Bxb5+ Bxb5 47. Rxb5 Qxb5
48. Qxd4 Rd3 49. Qf6 Re8 50. Neg4 d4 51. Qxf7+ Re7 52. Qxg6 Qb3 53. Nf6+ Kd8
54. Nf1 Rh3 55. Qf5 Rf3 56. Qa5+ Kc8 57. Qa8+ Kc7 58. Rc1+ Rc3 59. Rxc3+ dxc3
60. Nd5+ Kd6 61. Nxe7 c2 62. Nf5+ Ke5 63. Qa5+ Kf4 64. Qd2+ Kxf5 65. Qxc2+ 1-0

[Event "31è Open International d'Avoine 2016"]
[Site "Avoine"]
[Date "2016.07.23"]
[Round "1.37"]
[White "Mevel, Alberic"]
[Black "Budak, Rewi"]
[Result "1-0"]
[WhiteElo "2206"]
[BlackElo "1969"]
[PlyCount "49"]
[EventDate "2016.??.??"]

1. e4 c5 2. Nc3 e6 3. Nf3 Nc6 4. d4 cxd4 5. Nxd4 a6 6. Nxc6 bxc6 7. Bd3 d5 8.
O-O Nf6 9. f4 h5 10. Qf3 Ng4 11. h3 Bc5+ 12. Kh1 Qh4 13. Nd1 e5 14. Bd2 Nf2+
15. Nxf2 Bg4 16. Nxg4 hxg4 17. Qe2 gxh3 18. g4 O-O-O 19. exd5 Rxd5 20. Be4 Rxd2
21. Qxd2 Qxg4 22. Qc3 f5 23. Bf3 Qxf4 24. Qxc5 e4 25. Be2 1-0

[Event "31è Open International d'Avoine 2016"]
[Site "Avoine"]
[Date "2016.07.23"]
[Round "1.39"]
[White "Bouget, Alexandre"]
[Black "Mourgues, Jean-Marie"]
[Result "1-0"]
[WhiteElo "2196"]
[BlackElo "1963"]
[PlyCount "121"]
[EventDate "2016.??.??"]

1. d4 g6 2. c4 Bg7 3. e4 d6 4. Nc3 Nc6 5. Nge2 e5 6. d5 Nce7 7. h4 f5 8. h5 f4
9. g3 g5 10. gxf4 gxf4 11. Rg1 Kf7 12. Qd3 Nf6 13. Bh3 Bxh3 14. Qxh3 Qc8 15.
Qh4 Bh6 16. Bd2 Rg8 17. O-O-O Qd7 18. f3 a6 19. Kb1 b5 20. cxb5 axb5 21. Nc1 b4
22. N3e2 c5 23. dxc6 Nxc6 24. Rxg8 Rxg8 25. Nd3 Qb7 26. Qe1 b3 27. a3 Bf8 28.
Bb4 Rg2 29. Nc3 Nd4 30. Nxf4 Nxf3 31. Qe3 Nd2+ 32. Rxd2 Rxd2 33. Qxd2 exf4 34.
Qxf4 Qc6 35. Qf3 Qc4 36. e5 dxe5 37. Bxf8 e4 38. Qf4 Qd3+ 39. Ka1 e3 40. Bh6 e2
41. Qf2 Qf3 42. Qxe2 Qh1+ 43. Nb1 Qxh5 44. Qxh5+ Nxh5 45. Nd2 Kg6 46. Be3 Nf6
47. Nxb3 h5 48. a4 h4 49. a5 Nd5 50. Bg1 Nb4 51. Nc5 Kf5 52. a6 Nc6 53. b4 Na7
54. Nd3 Nb5 55. a7 Nxa7 56. Bxa7 Ke4 57. Nf2+ Kd5 58. Kb2 Kc6 59. Kb3 Kb7 60.
Be3 Kc6 61. Bg5 1-0

[Event "31è Open International d'Avoine 2016"]
[Site "Avoine"]
[Date "2016.07.23"]
[Round "1.40"]
[White "Collinet, Nicolas"]
[Black "Gerard, Nicolas"]
[Result "1/2-1/2"]
[WhiteElo "1959"]
[BlackElo "2192"]
[PlyCount "70"]
[EventDate "2016.??.??"]

1. d4 d5 2. Nf3 Nf6 3. c4 dxc4 4. e3 e6 5. Bxc4 a6 6. O-O c5 7. b3 cxd4 8. Nxd4
Bd6 9. Ba3 Bxa3 10. Nxa3 Qe7 11. Qc1 O-O 12. Qb2 e5 13. Nf3 Nc6 14. Rfd1 b5 15.
Be2 e4 16. Nd4 Ne5 17. Rac1 Bg4 18. Bxg4 Nfxg4 19. h3 Nf6 20. Nc6 Nxc6 21. Rxc6
Rfd8 22. Rxd8+ Qxd8 23. Qc2 h6 24. Qc1 Nd5 25. Nc2 b4 26. a3 a5 27. axb4 axb4
28. Rc4 Nc3 29. Qe1 Na2 30. Nxb4 Nxb4 31. Rxb4 Qd3 32. Ra4 Rb8 33. b4 Qb3 34.
Qa1 Rxb4 35. Rxb4 Qxb4 1/2-1/2

[Event "31è Open International d'Avoine 2016"]
[Site "Avoine"]
[Date "2016.07.23"]
[Round "1.41"]
[White "Merenciano, Alexandre"]
[Black "Noyer, Oliver"]
[Result "1-0"]
[WhiteElo "2189"]
[BlackElo "1959"]
[PlyCount "42"]
[EventDate "2016.??.??"]

1. e4 c6 2. d4 d5 3. e5 h5 4. Be2 g6 5. Nf3 Bg4 6. Nbd2 e6 7. O-O Nh6 8. h3
Bxf3 9. Nxf3 Nf5 10. Bd3 Nd7 11. b3 Be7 12. a4 a5 13. Bd2 c5 14. c4 dxc4 15.
Bxf5 exf5 16. d5 Nxe5 17. Nxe5 Qxd5 18. Nxc4 Qd8 19. Bc3 O-O 20. Qxd8 Raxd8 21.
Rad1 Rfe8 1-0

[Event "31è Open International d'Avoine 2016"]
[Site "Avoine"]
[Date "2016.07.23"]
[Round "1.42"]
[White "Aubert, Laurane"]
[Black "Gvanceladze, Anna"]
[Result "0-1"]
[WhiteElo "1958"]
[BlackElo "2179"]
[PlyCount "82"]
[EventDate "2016.??.??"]

1. e4 c6 2. d4 d5 3. Nc3 dxe4 4. Nxe4 Bf5 5. Ng3 Bg6 6. Nh3 e6 7. Nf4 Bd6 8. h4
Bxf4 9. Bxf4 h6 10. h5 Bh7 11. c4 Nf6 12. Be2 O-O 13. O-O Nbd7 14. Bf3 Re8 15.
Re1 Rc8 16. Qe2 Qb6 17. Qd2 c5 18. Be3 Qa6 19. b3 b5 20. Be2 bxc4 21. Bxc4 Qc6
22. Qe2 Red8 23. Ba6 Rb8 24. Rac1 Nd5 25. Bd3 Bxd3 26. Qxd3 Nxe3 27. Qxe3 cxd4
28. Qxd4 Qb6 29. Qf4 Nc5 30. Red1 Nd3 31. Rxd3 Rxd3 32. Rc7 Rf8 33. Ne4 Rd4 34.
Rc4 Rxc4 35. bxc4 Qb1+ 36. Kh2 Qxa2 37. c5 Qd5 38. g4 f5 39. Nc3 Qxc5 40. Na4
Qb5 41. Nc3 Qb8 0-1

[Event "31è Open International d'Avoine 2016"]
[Site "Avoine"]
[Date "2016.07.23"]
[Round "1.43"]
[White "Ginovart, Axel"]
[Black "Francois, Adrien"]
[Result "1-0"]
[WhiteElo "2179"]
[BlackElo "1956"]
[PlyCount "76"]
[EventDate "2016.??.??"]

1. e4 c5 2. Nc3 d6 3. g3 b5 4. Bg2 Bb7 5. d3 e6 6. Nge2 d5 7. exd5 b4 8. Nb1
Bxd5 9. Nf4 Bxg2 10. Nxg2 Nc6 11. Nd2 Nf6 12. Nc4 Be7 13. Nge3 Nd5 14. Bd2 Bf6
15. Ng4 O-O 16. h4 Bd4 17. Qf3 f5 18. Nge3 f4 19. gxf4 Rxf4 20. Qg2 Rf7 21.
O-O-O a5 22. Ng4 Kh8 23. Be3 b3 24. axb3 a4 25. Bxd4 Nxd4 26. Nge3 Rb7 27. bxa4
Rxa4 28. Kd2 Qf6 29. Qg3 Ra8 30. Ng4 Qf8 31. Nge5 Rab8 32. Nd6 Kg8 33. Nxb7
Rxb7 34. b3 c4 35. dxc4 Qb4+ 36. c3 Nxb3+ 37. Kc2 Qc5 38. cxd5 exd5 1-0

[Event "31è Open International d'Avoine 2016"]
[Site "Avoine"]
[Date "2016.07.23"]
[Round "1.44"]
[White "Dessenne, Francois"]
[Black "Rubino, William"]
[Result "0-1"]
[WhiteElo "1954"]
[BlackElo "2173"]
[PlyCount "84"]
[EventDate "2016.??.??"]

1. Nf3 d5 2. c4 e6 3. d4 c6 4. g3 Nf6 5. Bg2 Bd6 6. O-O Nbd7 7. Qc2 O-O 8. Nc3
dxc4 9. e4 e5 10. Rd1 Qe7 11. Be3 b5 12. Nh4 Nb6 13. dxe5 Bxe5 14. h3 Bd6 15.
Kh2 Bc5 16. Bd4 Be6 17. f4 Bxd4 18. Rxd4 b4 19. Ne2 Rad8 20. Nf3 c5 21. Rdd1 b3
22. axb3 cxb3 23. Qb1 Rxd1 24. Qxd1 Rd8 25. Rxa7 Qe8 26. Qb1 Bc4 27. Nc3 Bd3
28. Qg1 Nxe4 29. Nxe4 Bxe4 30. Qxc5 Bxf3 31. Bxf3 Rd2+ 32. Bg2 Qe4 33. Qg1 Qc2
34. Rb7 Nd7 35. Qf1 g6 36. Qf3 Nf6 37. g4 Rf2 38. Rb8+ Kg7 39. Qa8 Qc7 40. Rxb3
Qxf4+ 41. Kh1 Rc2 42. Rc3 Rxb2 0-1

[Event "31è Open International d'Avoine 2016"]
[Site "Avoine"]
[Date "2016.07.23"]
[Round "1.45"]
[White "Podvin, Francois-Xavier"]
[Black "Foussard, Gervais"]
[Result "1-0"]
[WhiteElo "2165"]
[BlackElo "1947"]
[PlyCount "28"]
[EventDate "2016.??.??"]

1. e4 c5 2. Nf3 d6 3. d4 cxd4 4. Nxd4 Nf6 5. Nc3 a6 6. Bg5 e6 7. f4 Be7 8. Qf3
Qc7 9. O-O-O b5 10. e5 Bb7 11. Qg3 dxe5 12. fxe5 Ne4 13. Nxe4 Bxe4 14. Bxe7
Kxe7 1-0

[Event "31è Open International d'Avoine 2016"]
[Site "Avoine"]
[Date "2016.07.23"]
[Round "1.46"]
[White "Taille, Jean-Yves"]
[Black "Malassagne, Raphael"]
[Result "1-0"]
[WhiteElo "1947"]
[BlackElo "2163"]
[PlyCount "85"]
[EventDate "2016.??.??"]

1. e4 c6 2. d4 d5 3. exd5 cxd5 4. Bd3 Nf6 5. Bf4 Nc6 6. c3 g6 7. Nd2 Bg7 8.
Ngf3 O-O 9. O-O Bf5 10. Bxf5 gxf5 11. Re1 e6 12. Ne5 Ne7 13. Ndf3 Ne4 14. Qc1
Ng6 15. Bh6 Qc7 16. g3 Rfe8 17. Re2 f6 18. Nd3 e5 19. Bxg7 Kxg7 20. Qf1 Nxc3
21. Rc2 e4 22. Rxc3 Qb6 23. Nd2 exd3 24. Qxd3 f4 25. Rac1 Re7 26. Qf5 Qd6 27.
Nb3 Qa6 28. Nc5 Qd6 29. Nd3 fxg3 30. hxg3 Rae8 31. Rc8 Rxc8 32. Qxc8 Qa6 33.
Nb4 Qb5 34. Qc5 Qe2 35. Nxd5 Re6 36. Qc7+ Kh6 37. Qf7 Kg5 38. Nxf6 b6 39. Nxh7+
Kg4 40. Rc3 Kh5 41. Nf8 Qe1+ 42. Kg2 Kh6 43. Nxe6 1-0

[Event "31è Open International d'Avoine 2016"]
[Site "Avoine"]
[Date "2016.07.23"]
[Round "1.47"]
[White "Najart, David"]
[Black "Kozlowski, Thierry"]
[Result "1-0"]
[WhiteElo "2159"]
[BlackElo "1943"]
[PlyCount "71"]
[EventDate "2016.??.??"]

1. c4 Nf6 2. g3 c5 3. Bg2 Nc6 4. Nc3 d6 5. e3 e5 6. Nge2 Be6 7. b3 d5 8. d3 Qd7
9. O-O Rd8 10. f4 dxc4 11. dxc4 Qc7 12. Nd5 Bxd5 13. cxd5 e4 14. Nc3 Nb4 15.
Nxe4 Nfxd5 16. Qe2 Be7 17. Bb2 O-O 18. a3 Nc6 19. Rfd1 Qb6 20. Rd3 f5 21. Ng5
Nc7 22. Rxd8 Nxd8 23. Qc4+ Kh8 24. Nf3 Qe6 25. Ne5 b5 26. Qxe6 Ncxe6 27. Rd1 a6
28. Rd7 Bf6 29. Bd5 Re8 30. Nf7+ Nxf7 31. Bxf6 Kg8 32. Bc3 Kf8 33. Ra7 Re7 34.
Ra8+ Re8 35. Rxe8+ Kxe8 36. Bxe6 1-0

[Event "31è Open International d'Avoine 2016"]
[Site "Avoine"]
[Date "2016.07.23"]
[Round "1.48"]
[White "Maugenest, Ghislain"]
[Black "Kassis, Antoine"]
[Result "0-1"]
[WhiteElo "1943"]
[BlackElo "2148"]
[PlyCount "72"]
[EventDate "2016.??.??"]

1. d4 Nf6 2. c4 Nc6 3. Nf3 e6 4. Nc3 Bb4 5. Qc2 d6 6. e3 O-O 7. Be2 e5 8. Bd2
Bg4 9. a3 Bxc3 10. Bxc3 e4 11. Nd2 Bxe2 12. Kxe2 d5 13. b3 Re8 14. Rae1 Qd7 15.
f3 exf3+ 16. gxf3 Qe7 17. Kd1 Qxa3 18. e4 dxe4 19. fxe4 Rad8 20. d5 Ne5 21.
Rhg1 Nfd7 22. Rg5 f6 23. Rg3 Qa6 24. Reg1 Re7 25. Bb4 Rf7 26. Nf1 b5 27. Ne3
bxc4 28. bxc4 Ng6 29. Nf5 Nde5 30. h4 Rb8 31. Bd2 Nxc4 32. h5 Rb2 33. hxg6 hxg6
34. Rxg6 Rxc2 35. Kxc2 Qa2+ 36. Kd3 Ne5+ 0-1

[Event "31è Open International d'Avoine 2016"]
[Site "Avoine"]
[Date "2016.07.23"]
[Round "1.49"]
[White "Trouve, Guillaume"]
[Black "Dupont, Arthur"]
[Result "1-0"]
[WhiteElo "2142"]
[BlackElo "1937"]
[PlyCount "67"]
[EventDate "2016.??.??"]

1. e4 c5 2. Nf3 d6 3. d4 cxd4 4. Nxd4 Nf6 5. Nc3 g6 6. Be3 Bg7 7. f3 O-O 8. Qd2
Nc6 9. Bc4 Bd7 10. O-O-O Rc8 11. Bb3 Ne5 12. Kb1 Nc4 13. Bxc4 Rxc4 14. g4 a6
15. h4 h5 16. Nd5 Nxd5 17. exd5 hxg4 18. h5 Bf5 19. Nxf5 gxf5 20. b3 Rc8 21.
fxg4 fxg4 22. h6 Be5 23. Bd4 Kh8 24. Rh4 f5 25. Bxe5+ dxe5 26. Qg5 Rf7 27. Qg6
Qg8 28. Qe6 e4 29. h7 Qf8 30. Rf1 Rd8 31. Rxg4 Rxh7 32. Rxf5 Qh6 33. Qe5+ Rg7
34. Rh5 1-0

[Event "31è Open International d'Avoine 2016"]
[Site "Avoine"]
[Date "2016.07.23"]
[Round "1.50"]
[White "Baillargeant, Tony"]
[Black "Rodriguez Rodriguez, Antonio"]
[Result "0-1"]
[WhiteElo "1935"]
[BlackElo "2141"]
[PlyCount "90"]
[EventDate "2016.??.??"]

1. d4 Nf6 2. Bg5 c6 3. Bxf6 exf6 4. e3 d5 5. Bd3 Qb6 6. Qc1 Bd6 7. Nf3 O-O 8.
Nbd2 Re8 9. c3 Nd7 10. Qc2 Nf8 11. O-O-O Qa5 12. Qb1 b5 13. Nb3 Qb6 14. e4 Ng6
15. Rhe1 Bg4 16. h3 Bd7 17. exd5 cxd5 18. Rxe8+ Rxe8 19. Re1 Be6 20. g3 Rc8 21.
h4 b4 22. Kd1 bxc3 23. bxc3 Bb4 24. Nc5 Bxc5 25. dxc5 Qxc5 26. h5 Nf8 27. Re3
Qa5 28. Nd4 g6 29. Be2 Qb6 30. Qb3 Qc7 31. Bf3 Rb8 32. Qc2 Qc4 33. Be2 Qc5 34.
hxg6 hxg6 35. Bd3 Rc8 36. Nxe6 Nxe6 37. Bxg6 d4 38. Bh7+ Kf8 39. Rf3 Qe5 40.
Qd2 dxc3 41. Qh6+ Ke7 42. Bc2 Rb8 43. Qc1 Rb4 44. Qe3 Qb5 45. a3 Rb1+ 0-1

[Event "31è Open International d'Avoine 2016"]
[Site "Avoine"]
[Date "2016.07.23"]
[Round "2.2"]
[White "Maiorov, Nikita"]
[Black "Lukasiewicz, Grzegorz"]
[Result "1-0"]
[WhiteElo "2541"]
[BlackElo "2211"]
[PlyCount "79"]
[EventDate "2016.??.??"]

1. d4 d5 2. c4 c6 3. e3 Nf6 4. Nc3 e6 5. Nf3 Nbd7 6. Qc2 Bd6 7. b3 O-O 8. Bb2
b6 9. Bd3 Bb7 10. O-O Rc8 11. Rac1 h6 12. Rfd1 Qe7 13. Re1 c5 14. cxd5 cxd4 15.
Nxd4 Ne5 16. Bb5 Nxd5 17. Nxd5 Bxd5 18. Qxc8 Rxc8 19. Rxc8+ Kh7 20. f4 Qh4 21.
g3 Qg4 22. Be2 Qh3 23. Bf1 Qg4 24. e4 Bb7 25. fxe5 Bc5 26. Rxc5 bxc5 27. Nc2
Bxe4 28. Ne3 Qg5 29. Nc4 Bd5 30. Ne3 Bc6 31. Bc3 h5 32. Ng2 Qd8 33. Nf4 h4 34.
Be2 Qg5 35. Kf2 Qh6 36. Bf1 g5 37. Nh3 Qg6 38. Re3 Qc2+ 39. Kg1 g4 40. Bd3+ 1-0

[Event "31è Open International d'Avoine 2016"]
[Site "Avoine"]
[Date "2016.07.23"]
[Round "2.3"]
[White "Mevel, Alberic"]
[Black "Inkiov, Ventzislav"]
[Result "0-1"]
[WhiteElo "2206"]
[BlackElo "2467"]
[PlyCount "78"]
[EventDate "2016.??.??"]

1. e4 c5 2. Nf3 d6 3. d4 cxd4 4. Nxd4 Nf6 5. Nc3 Nc6 6. Bg5 e6 7. Qd2 Be7 8.
O-O-O Nxd4 9. Qxd4 O-O 10. f4 Qa5 11. h4 d5 12. e5 Bc5 13. Qd3 Ng4 14. Qg3 h5
15. Be2 Bf2 16. Qh3 f5 17. exf6 Nxf6 18. Bxf6 Rxf6 19. Qf3 Qb6 20. Qxh5 Bd7 21.
Rh3 Rc8 22. Kb1 Bd4 23. Ka1 Rxf4 24. Bd3 Bf6 25. g4 Rxc3 26. Bh7+ Kf8 27. Rxc3
Be8 28. Bg6 Bxg6 29. Qxg6 Bxc3 30. bxc3 Qe3 31. Kb2 Qe2 32. Rd4 Qb5+ 33. Ka3
Qc5+ 34. Kb3 Rf3 35. Rd3 Rf6 36. Qh7 Qb5+ 37. Ka3 e5 38. Qh8+ Kf7 39. Qh5+ Kg8
0-1

[Event "31è Open International d'Avoine 2016"]
[Site "Avoine"]
[Date "2016.07.23"]
[Round "2.4"]
[White "Filip, Lucian"]
[Black "Bouget, Alexandre"]
[Result "1/2-1/2"]
[WhiteElo "2440"]
[BlackElo "2196"]
[PlyCount "44"]
[EventDate "2016.??.??"]

1. Nf3 d5 2. d4 Nf6 3. c4 dxc4 4. e3 Be6 5. Nc3 c6 6. Ng5 Qc8 7. a4 h6 8. Nxe6
Qxe6 9. a5 Nbd7 10. Qa4 Qd6 11. Bxc4 e6 12. O-O Be7 13. Rd1 O-O 14. Qc2 Rac8
15. Qe2 Qb8 16. e4 e5 17. dxe5 Nxe5 18. Bb3 Neg4 19. g3 Bc5 20. Bf4 Qa8 21. Rf1
Rce8 22. Kg2 Qc8 1/2-1/2

[Event "31è Open International d'Avoine 2016"]
[Site "Avoine"]
[Date "2016.07.23"]
[Round "2.5"]
[White "Eugene, Floryan"]
[Black "Djuric, Stefan"]
[Result "1-0"]
[WhiteElo "2199"]
[BlackElo "2420"]
[PlyCount "115"]
[EventDate "2016.??.??"]

1. e4 g6 2. d4 Bg7 3. Nf3 d6 4. Nc3 Nf6 5. h3 a6 6. Bf4 Nc6 7. e5 Nd7 8. Bc4
O-O 9. Qe2 Nxd4 10. Nxd4 dxe5 11. Bxf7+ Rxf7 12. Ne6 Qe8 13. Be3 b5 14. Nxc7
Qd8 15. Nxa8 Bb7 16. O-O Qxa8 17. f3 Nf6 18. Rad1 e6 19. Bc5 Bd5 20. Nxd5 exd5
21. Qd2 Qc6 22. Be3 d4 23. Bh6 Nd5 24. Rfe1 Bxh6 25. Qxh6 Rf5 26. Qh4 Nf4 27.
Rd2 Qd6 28. Re4 Kg7 29. a3 a5 30. Qf2 b4 31. axb4 axb4 32. c3 bxc3 33. bxc3 d3
34. Rb4 Qa6 35. Qc5 Ne2+ 36. Kh2 e4 37. Qe7+ Rf7 38. Qe5+ Qf6 39. Rxe4 Nxc3 40.
Qxf6+ Rxf6 41. Rc4 Nd5 42. Rxd3 Ne7 43. Rc7 Re6 44. Rdd7 Kf6 45. f4 h5 46. g4
Re3 47. Kg2 hxg4 48. hxg4 Kf7 49. Kf2 Re6 50. Kg3 g5 51. fxg5 Ke8 52. Rxe7+
Rxe7 53. Rxe7+ Kxe7 54. Kh4 Kf7 55. Kh5 Kg7 56. g6 Kh8 57. Kh6 Kg8 58. g7 1-0

[Event "31è Open International d'Avoine 2016"]
[Site "Avoine"]
[Date "2016.07.23"]
[Round "2.6"]
[White "Dumitrache, Dragos-Nicolae"]
[Black "Merenciano, Alexandre"]
[Result "1-0"]
[WhiteElo "2416"]
[BlackElo "2189"]
[PlyCount "91"]
[EventDate "2016.??.??"]

1. d4 Nf6 2. c4 c5 3. d5 b5 4. cxb5 a6 5. bxa6 g6 6. Nc3 Bxa6 7. e4 Bxf1 8.
Kxf1 d6 9. Nf3 Bg7 10. g3 O-O 11. Kg2 Nbd7 12. Re1 Ra6 13. a4 Qa8 14. Nb5 Qb7
15. h3 Ne8 16. Ra3 Nb6 17. Kg1 Nc7 18. Nxc7 Qxc7 19. Qc2 Qa7 20. b3 c4 21. Be3
Rc8 22. b4 Qa8 23. a5 c3 24. Bd4 Nd7 25. Bxg7 Kxg7 26. Rxc3 Rb8 27. Rc7 Nf6 28.
Rxe7 Rxb4 29. Ng5 Rb7 30. Rxb7 Qxb7 31. Qc3 h6 32. Nf3 Qb5 33. Ra1 Qe2 34. Nd2
Ra8 35. h4 g5 36. h5 Qxh5 37. a6 Qe2 38. a7 Kg6 39. Qe3 Qb5 40. Kg2 Qb7 41. Nc4
Qc7 42. Qd3 Ng4 43. e5+ Kg7 44. Nxd6 Nxe5 45. Nf5+ Kf6 46. Ra6+ 1-0

[Event "31è Open International d'Avoine 2016"]
[Site "Avoine"]
[Date "2016.07.23"]
[Round "2.7"]
[White "Gvanceladze, Anna"]
[Black "Stets, Dmitry"]
[Result "1/2-1/2"]
[WhiteElo "2179"]
[BlackElo "2416"]
[PlyCount "121"]
[EventDate "2016.??.??"]

1. d4 Nf6 2. Nf3 g6 3. Bf4 Bg7 4. e3 d6 5. h3 O-O 6. Be2 b6 7. O-O Bb7 8. Nbd2
Nbd7 9. a4 a6 10. c3 Ne4 11. Nxe4 Bxe4 12. Nd2 Bb7 13. Bf3 Qc8 14. Bxb7 Qxb7
15. Qf3 Qxf3 16. Nxf3 c5 17. Rfd1 Rfc8 18. g4 h6 19. Kg2 b5 20. axb5 axb5 21.
h4 cxd4 22. exd4 Nf6 23. g5 Nd5 24. Bd2 hxg5 25. hxg5 e6 26. Kf1 Ne7 27. Ke2
Nf5 28. Ne1 Kf8 29. Nc2 Ke8 30. Nb4 d5 31. Na6 Kd8 32. Bf4 Bf8 33. Kd3 Kd7 34.
Ra5 b4 35. Rda1 bxc3 36. bxc3 Kd8 37. Be5 Be7 38. Bf6 Nd6 39. Nc5 Rxa5 40. Rxa5
Ne8 41. Ra7 Nxf6 42. gxf6 Bxc5 43. dxc5 Rc7 44. Ra8+ Kd7 45. Kd4 Rb7 46. f4 Kc6
47. Ra6+ Kc7 48. c6 Rb6 49. Ra7+ Kd6 50. Rd7+ Kxc6 51. Rxf7 Ra6 52. Re7 Kd6 53.
Re8 Ra4+ 54. Ke3 Ra7 55. Rg8 Rc7 56. Kd3 e5 57. fxe5+ Kxe5 58. Rg7 Rc4 59. Rxg6
Rf4 60. Rg5+ Ke6 61. Rg6 1/2-1/2

[Event "31è Open International d'Avoine 2016"]
[Site "Avoine"]
[Date "2016.07.23"]
[Round "2.8"]
[White "Godart, Francois"]
[Black "Ginovart, Axel"]
[Result "1-0"]
[WhiteElo "2393"]
[BlackElo "2179"]
[PlyCount "31"]
[EventDate "2016.??.??"]

1. d4 Nf6 2. Nf3 g6 3. c4 Bg7 4. Nc3 d5 5. Bg5 Ne4 6. Qc1 Nxg5 7. Qxg5 dxc4 8.
e4 h6 9. Qg3 Qd6 10. e5 Qb4 11. O-O-O Bf5 12. Nh4 Bd7 13. Nd5 Qa5 14. Bxc4 Be6
15. b4 Qa4 16. Bb5+ 1-0

[Event "31è Open International d'Avoine 2016"]
[Site "Avoine"]
[Date "2016.07.23"]
[Round "2.9"]
[White "Rubino, William"]
[Black "Lerch, Patrice"]
[Result "1/2-1/2"]
[WhiteElo "2173"]
[BlackElo "2392"]
[PlyCount "56"]
[EventDate "2016.??.??"]

1. e4 c5 2. Nf3 Nc6 3. d4 cxd4 4. Nxd4 Nf6 5. Nc3 d6 6. f3 e5 7. Nb3 Be7 8. Be3
O-O 9. Qd2 a5 10. Bb5 Be6 11. Nd5 Bxd5 12. exd5 Na7 13. Be2 a4 14. Na5 Nc8 15.
Nc4 Nd7 16. O-O f5 17. b4 Na7 18. Na3 Bh4 19. Kh1 Qe7 20. c4 b6 21. Qc2 Bg5 22.
Bg1 Bf4 23. Bd3 g6 24. Rae1 Rfc8 25. Qe2 Qh4 26. Qf2 Qd8 27. Qe2 Qh4 28. Qf2
Qd8 1/2-1/2

[Event "31è Open International d'Avoine 2016"]
[Site "Avoine"]
[Date "2016.07.23"]
[Round "2.10"]
[White "Migot, Tangi"]
[Black "Podvin, Francois-Xavier"]
[Result "1-0"]
[WhiteElo "2381"]
[BlackElo "2165"]
[PlyCount "77"]
[EventDate "2016.??.??"]

1. Nf3 c5 2. c4 g6 3. d4 cxd4 4. Nxd4 Nc6 5. e4 Nf6 6. Nc3 Nxd4 7. Qxd4 d6 8.
f3 Bg7 9. Be3 O-O 10. Qd2 Be6 11. Bd3 Qa5 12. Rc1 Rfc8 13. b3 a6 14. Ne2 Qxd2+
15. Kxd2 Nd7 16. Nf4 Nc5 17. Be2 Be5 18. b4 Bxf4 19. Bxf4 Nd7 20. Rc2 Rc6 21.
Rhc1 Rac8 22. a3 Nb6 23. c5 dxc5 24. Rxc5 Rxc5 25. bxc5 Nd7 26. c6 bxc6 27.
Bxa6 Ra8 28. Rxc6 Nc5 29. Rxc5 Rxa6 30. Rc3 f6 31. Be3 Kf7 32. Bc5 Bd7 33. Bb4
Bc6 34. Ke3 Ke6 35. Kd4 h5 36. g3 Kd7 37. f4 Ke6 38. Rc5 Ba4 39. Rc7 1-0